| 000 | 00810nis a22002417u 4500 | ||
|---|---|---|---|
| 001 | 05808 | ||
| 003 | HDC | ||
| 007 | s| ||||||||||| | ||
| 008 | 210121p xx |||| eng | ||
| 040 | _aHDC | ||
| 245 | 0 | _aHDC DPM Officiates the World Halal Week 2018-Radio 24 FM | |
| 260 |
_a[No Place] : _b[publisher not identified], _c[no year] |
||
| 300 | _a1 audio (2 min 31 seconds) | ||
| 336 |
_aspoken word _2rdacontent |
||
| 337 |
_aaudio _2rdamedia |
||
| 338 |
_aonline resource _2rdacarrier |
||
| 650 |
_aHalal food industry _9128 |
||
| 650 |
_aHalal industry _9144 |
||
| 856 | _zRequest full-text at [email protected] | ||
| 942 | _2lcc | ||
| 942 | _cEIS | ||
| 942 | _kMMSD 000036 | ||
| 999 |
_c3132 _d3132 |
||